| 000 | 00646nam a2200217Ia 4500 | ||
|---|---|---|---|
| 003 | OSt | ||
| 005 | 20240306084006.0 | ||
| 007 | ca aa aaaaa | ||
| 008 | 201103s9999 xx 000 0 und d | ||
| 040 |
_cSSBUL _aSSBUL |
||
| 041 | _aeng | ||
| 082 |
_223 _a294.34433 _bBu |
||
| 245 | 0 |
_aBuddhist Pali recitals / _cedited by Prof. Chandima Wijebandara. |
|
| 260 |
_aTaipei : _bThe Corporate Body of the Buddha Educational Foundation, _c2007. |
||
| 300 |
_axx, 319 pages; _btables, _c21 cm. |
||
| 500 | _aS-SAT: Sai Aung Tun | ||
| 700 | 1 |
_aWijebandara, Chandima, _dProf. _926717 |
|
| 942 |
_cBANNED _2ddc |
||
| 942 | _2ddc | ||
| 942 |
_2ddc _cBK1 |
||
| 999 |
_c32344 _d32344 |
||